000 00314nam a2200121Ia 4500
008 190902s9999||||xx |||||||||||||| ||und||
020 _a978-969-407-391-0
100 _aAdolph Matz
245 0 _aCost Accounting Planning and Control
260 _aNew Delhi
_bCengage Learning
_c2013
300 _a899
942 _cBK
999 _c2826
_d2826